Efectos de la migración internacional en las comunidades de origen del suroeste de la República Dominicana / (Registro nro. 13958)

Detalles MARC
000 -LEADER
fixed length control field 01785nam a2200349 a 4500
001 - CONTROL NUMBER
control field
003 - CONTROL NUMBER IDENTIFIER
control field DO-SdBNP
005 - DATE AND TIME OF LATEST TRANSACTION
control field 20220118122603.0
008 - FIXED-LENGTH DATA ELEMENTS--GENERAL INFORMATION
fixed length control field 090716s2009 dr abd 001 0 spa d
020 ## - INTERNATIONAL STANDARD BOOK NUMBER
International Standard Book Number 9789945427691
040 ## - CATALOGING SOURCE
Original cataloging agency DO-SdBNP
Language of cataloging spa
Transcribing agency BPMSU
082 ## - DEWEY DECIMAL CLASSIFICATION NUMBER
Classification number 325.21097293
Item number E27m 2009
Edition number 22
245 00 - TITLE STATEMENT
Title Efectos de la migración internacional en las comunidades de origen del suroeste de la República Dominicana /
Statement of responsibility, etc. dirección Gonzalo Ramírez de Haro ; Dolores Brandis, Teresa Cañedo Argüelles, Teba Castaño, Luis Escolano.
260 ## - PUBLICATION, DISTRIBUTION, ETC. (IMPRINT)
Place of publication, distribution, etc. Santo Domingo :
Name of publisher, distributor, etc. Instituto Panamericano de Geografía e Historia ;
-- Fundación Carolina,
Date of publication, distribution, etc. 2009.
300 ## - PHYSICAL DESCRIPTION
Extent 258 p. :
Other physical details il., gráfcs., mapas ;
Dimensions 23 cm.
500 ## - GENERAL NOTE
General note Incluye datos biográficos de los autores: p. 255-258.
504 ## - BIBLIOGRAPHY, ETC. NOTE
Bibliography, etc Incluye referencias bibliográficas y notas al pie de páginas.
504 ## - BIBLIOGRAPHY, ETC. NOTE
Bibliography, etc Bibliografía : p.237-251.
505 0# - FORMATTED CONTENTS NOTE
Miscellaneous information Presentación /
Statement of responsibility Bolívar Troncoso --
Title El Valle de Neiba --
-- El proceso migratorio hacia España y sus efectos sobre los niveles de pobreza en el Valle de Neiba --
-- Otros efectos en la localidad de Vicente Noble --
-- Los actores de cambio y codesarrollo --
Miscellaneous information Conclusiones y propuesta --
-- Bibliografía --
-- Autores.
590 ## - LOCAL NOTE (RLIN)
Local note Inventariado, 2022/VM
650 #4 - SUBJECT ADDED ENTRY--TOPICAL TERM
Topical term or geographic name as entry element Movimiento de capitales
Geographic subdivision República Dominicana
651 #4 - SUBJECT ADDED ENTRY--GEOGRAPHIC NAME
Geographic name República Dominicana
General subdivision Migración e Inmigración
-- Aspectos económicos
Chronological subdivision Siglo XX
700 1# - ADDED ENTRY--PERSONAL NAME
Personal name Ramírez de Haro, Gonzalo,
Relator term dir.
700 1# - ADDED ENTRY--PERSONAL NAME
Personal name Brandis, Dolores
700 1# - ADDED ENTRY--PERSONAL NAME
Personal name Cañedo Argüelles, Teresa
700 1# - ADDED ENTRY--PERSONAL NAME
Personal name Castaño, Teba
700 1# - ADDED ENTRY--PERSONAL NAME
Personal name Escolano, Luis
710 2# - ADDED ENTRY--CORPORATE NAME
Corporate name or jurisdiction name as entry element Instituto Panamericano de Geografía e Historia
Subordinate unit Fundación Carolina
710 2# - ADDED ENTRY--CORPORATE NAME
Corporate name or jurisdiction name as entry element Fundación Carolina (CeCALCI)
910 ## - USER-OPTION DATA (OCLC)
User-option data VMateo V.
942 ## - ADDED ENTRY ELEMENTS (KOHA)
Source of classification or shelving scheme Dewey Decimal Classification
Koha item type Libros
Existencias
Withdrawn status Lost status Source of classification or shelving scheme Damaged status Not for loan Collection code Home library Current library Date acquired Source of acquisition Total Checkouts Full call number Barcode Date last seen Copy number Price effective from Koha item type
    Dewey Decimal Classification     Colección Dominicana Biblioteca Pública Metropolitana Salomé Ureña Biblioteca Pública Metropolitana Salomé Ureña 01/18/2022 AGN   BPMSU CD 325.21097293 E27m 2009 BPMSU2010041 01/18/2022 BPMSU CD RD868.42 H519o 2015 01/18/2022 Libros